Operations Management: Sustainability and Supply Chain Management, Global Edition/
Operations Management: Sustainability and Supply Chain Management presents a broad introduction to the field of operations in a practical and application-oriented manner. Through detailed behind-the-scenes perspectives on the production of goods and services—from music concerts to e-commerce package...
Saved in:
| Main Authors: | , , |
|---|---|
| Format: | Electronic Book |
| Published: |
Harlow :
Pearson International Content,
2023.
|
| Edition: | Fourteenth edition |
| Subjects: | |
| Online Access: | https://resolver.vitalsource.com/9781292444895 |
| Tags: |
No Tags, Be the first to tag this record!
|
MARC
| LEADER | 00000nam#a2200000 4500 | ||
|---|---|---|---|
| 001 | 9781292444895 | ||
| 003 | VST | ||
| 005 | 20260317120217.0 | ||
| 006 | m o d | ||
| 007 | cr#un#---uucau | ||
| 008 | 230704s2023 xxk o 00 0 eng d | ||
| 020 | |a 9781292444895 |q (ebook) | ||
| 020 | |z 9781292444833 |q (paperback) | ||
| 040 | |a VST |b eng |c VST |d VST | ||
| 072 | |a BUS041000 |2 bisacsh | ||
| 072 | |a KJM |2 bicssc | ||
| 072 | |a KJMV5 |2 bicssc | ||
| 100 | 1 | |a Heizer, Jay |e author | |
| 245 | 1 | 0 | |a Operations Management: Sustainability and Supply Chain Management, Global Edition/ |c Jay Heizer, Barry Render, Chuck Munson. |
| 250 | |a Fourteenth edition | ||
| 264 | 1 | |a Harlow : |b Pearson International Content, |c 2023. | |
| 300 | |a 1 online resource | ||
| 336 | |a text |b txt |2 rdacontent | ||
| 337 | |a computer |b c |2 rdamedia | ||
| 338 | |a online resource |b cr |2 rdacarrier | ||
| 520 | |a Operations Management: Sustainability and Supply Chain Management presents a broad introduction to the field of operations in a practical and application-oriented manner. Through detailed behind-the-scenes perspectives on the production of goods and services—from music concerts to e-commerce package delivery, manufacturing an aircraft to 3D printed stakes—this text offers an inside view that helps students gain a true understanding of how operations work within an organization. This 14th Edition addresses current trends and practices in operations management, including Industry 4.0 (also known as the Fourth Industrial Revolution), which is transforming the automation, monitoring, and analysis of supply chains through smart technology; and COVID-19 and its impact on global supply chains. The resources help you better understand concepts important to today's operations management professionals. | ||
| 650 | 4 | |a Business & Economics/Management | |
| 700 | 1 | |a Render, Barry |e author | |
| 700 | 1 | |a Munson, Chuck |e author | |
| 776 | 0 | 8 | |i Paperback version: |t Operations Management: Sustainability and Supply Chain Management, Global Edition |z 9781292444833 |
| 856 | 4 | 0 | |u https://resolver.vitalsource.com/9781292444895 |
| 999 | |c 249574 |d 249573 | ||